000 00293nam a22001337a 4500
008 170719b xxu||||| |||| 00| 0 eng d
020 _a9781599821344
041 _aeng
080 _a2
100 _a24
101 _aTEO
245 _aTHEOLOGICAL FOUNDATIONS
_cMUELLER, J.J
942 _2udc
_cBK
999 _c21632
_d21632